000 00561nam a22002177a 4500
003 UA-OsUOA
001 58205
007 ta
008 20090202b un ||||| |||| 00| 0 ukr d
100 _aКульчицький С.
090 _a32
_bК90
942 _cSA
040 _aUA-OsUOA
_bukr
_cUA-OsUOA
_dUA-OsUOA
245 _aУ чому суть українсько-російської суперечки?/Продовження
300 _aС.5
955 _a0
041 _aukr
080 _a32
773 0 _w58204
650 7 _a32 Політика
_2UDC
999 _c344290
_d344290